| 000 | 01699nam a2200361 c 4500 | ||
|---|---|---|---|
| 003 | BLK | ||
| 005 | 20220914150734.0 | ||
| 008 | 180409b bul|||||r ||||||| ||bul|| | ||
| 010 | _aKNG00119747000 | ||
| 020 |
_a978-954-761-388-1 _bиздат.: ИнфоДАР |
||
| 040 | _aBLK | ||
| 041 |
_aBUL _cBUL |
||
| 072 | 7 |
_2bullib _aН8302 _xФантастика Н |
|
| 080 |
_aРуска литература _b821.161.1 _x-312.9 _z821.161.1-312.9 |
||
| 100 | 1 |
_aЛукяненко, Сергей Василиевич _eпърви автор _989889 |
|
| 700 | 1 |
_aВелчев, Васил Константинов _eпрев. _9367601 |
|
| 139 |
_aЛукяненко, Сергей Василиевич _bЛ 86 |
||
| 245 | 1 | 0 |
_aФалшивите огледала _cСергей Василиевич Лукяненко; прев. Васил Константинов Велчев. |
| 245 | 1 | 0 |
_aПрозрачните витражи _bРомани _c |
| 257 | _aRUS | ||
| 260 |
_аСофия _bИнфоДАР _c2009 |
||
| 300 |
_a620 с. _c20 см |
||
| 380 | _aX | ||
| 500 | _a1. изд. на Фалшивите огледала 2002 на изд. Квазар в Кристална библиотека Фантастика, № 35. - Ориг. загл. Фальшивые зеркала ; Прозрачные витражи / Сергей Лукьяненко. Кн. 2 и 3 за Дълбината. | ||
| 653 | _aфантастика | ||
| 653 | _aромани | ||
| 659 | _aН | ||
| 852 | _aЦб 248672 | ||
| 856 | 4 |
_qpdf _u |
|
| 856 | 4 |
_qpdf _u |
|
| 942 |
_cKNG _n0 _02 |
||
| 944 |
_aCR _c17.09.2010 _lф / 16.09.2010 _kЛюдмила_Стоянова |
||
| 944 |
_aED _c30.12.2016 _lф / 16.09.2010 _kЛюдмила_Стоянова |
||
| 999 |
_c114316 _d114316 |
||